Lyrics to 'Al Aire' by Morat - Statistics

General Stats
  • This quiz has been taken 44 times
  • The average score is 197 of 242
Answer Stats
Answer % Correct
a
100%
O
100%
y
100%
Y
100%
yo
100%
Yo
100%
aire
83%
al
83%
atrevo
83%
besos
83%
cambie
83%
canción
83%
conversación
83%
de
83%
ella
83%
Ella
83%
empezar
83%
enamorado
83%
enamoré
83%
escucha
83%
escuchando
83%
escuchandome
83%
escuchándome
83%
escuche
83%
está
83%
esta
83%
estación
83%
fama
83%
frente
83%
ha
83%
hablarle
83%
la
83%
lado
83%
le
83%
llamé
83%
lo
83%
me
83%
83%
minutos
83%
mis
83%
ni
83%
No
83%
no
83%
notado
83%
opción
83%
otra
83%
para
83%
pedir
83%
Pero
83%
por
83%
Porque
83%
probablemente
83%
que
83%
Que
83%
Quiero
83%
radio
83%
se
83%
sepa
83%
su
83%
tengo
83%
un
83%
una
83%
uno
83%
15
67%
acuerde
67%
algún
67%
antes
67%
escuchar
67%
esté
67%
lleguen
67%
muy
67%
recuerde
67%
si
67%
suene
67%
amigo
50%
conocí
50%
culpa
50%
del
50%
destino
50%
Gracias
50%
llamaré
50%
mañana
50%
más
50%
nunca
50%
puede
50%
vi
50%
voz
50%
No matching quizzes found
Score Distribution
Percent of People with Each Score
Percentile by Number Answered
Your Score History
You have not taken this quiz